Terrorism (Registro nro. 304583)

Detalles MARC
000 -ENCABEZADO
Número de control [NR] 01024cam a22002894a 4500
005 - FECHA Y HORA DE LA ÚLTIMA TRANSACCIÓN
control field 20170712071800.0
008 - DE LONGITUD FIJA DE DATOS DE ELEMENTOS - INFORMACIÓN GENERAL
Elementos de longitud fija [NR] 161101s2001 xxuo 000 0 eng d
010 ## - NUMERO DE CONTROL DE LA BIBLIOTECA DEL CONGRESO (LC) [NR]
Número de control LC [NR] 2006281464
020 ## - NUMERO INTERNACIONAL NORMALIZADO PARA LIBROS [R]
Número Internacional Normalizado del libro [NR] 9781583224908
035 ## - NUMERO DE CONTROL DEL SISTEMA [R]
Número de control del sistema [NR] (OCoLC)48968272
040 ## - FUENTE DE CATALOGACION [NR]
Agencia de catalogación original [NR] CO-BoUCM
Idioma de catalogación [NR] spa
Quien Cataloga Sandra Palacio
Quien Clasifica Sandra Palacio
041 0# - CODIGO DE IDIOMA [R]
Código de idioma para texto/pista de sonido o título separado [R] Inglés
100 1# - ASIENTO PRINCIPAL--NOMBRE PERSONAL [NR]
Nombre personal [NR] Ahmad, Eqbal
ID Autoridad 81503
245 10 - MENCION DE TITULO [NR]
Título [NR] Terrorism
Parte restante del título [NR] theirs and ours
Mención de responsabilidad, etc. [NR] Eqbal Ahmad ; prólogo y la entrevista de David Barsamian; editor de la serie, Greg Ruggiero
250 ## - MENCION DE EDICION [NR]
Mención de edición [NR] Edición especial
260 ## - PUBLICACION, DISTRIBUCION, ETC. (PIE DE IMPRENTA) [R]
Lugar de publicación, distribución, etc. [R] Nueva York (Estados Unidos)
Nombre del editor, distribuidor, etc. [R] Seven Stories Press
Fecha de publicación, distribución, etc. [R] 2001
300 ## - DESCRIPCION FISICA [R]
Extensión [R] 58 páginas
Otros detalles físicos [NR] fotografías
490 0# - MENCION DE SERIE [R]
Mención de serie [R] The open media pamphlet series
600 10 - ASIENTO SECUNDARIO DE MATERIA - NOMBRE PERSONAL [R]
Nombre personal [NR] Ahmad, Eqbal
Subdivisión de forma [R] Entrevistas
9 (RLIN) 81504
650 17 - ASIENTO SECUNDARIO DE MATERIA - TERMINO TEMATICO [R]
Término temático o nombre geográfico como elemento de entrada [NR] Terrorismo
9 (RLIN) 25425
650 27 - ASIENTO SECUNDARIO DE MATERIA - TERMINO TEMATICO [R]
Término temático o nombre geográfico como elemento de entrada [NR] Violencia política
9 (RLIN) 26287
655 #7 - TERMINO DE INDIZACION - GENERO/FORMA [R]
Datos o término principal de género/forma [NR] Entrevistas
-- 81505
690 ## - ASUNTO AGREGADO LOCAL DE ENTRADA - TÉRMINO TEMÁTICO (OCLC, RLIN)
Acceso temático local Violencia
9 (RLIN) 422
700 1# - ASIENTO SECUNDARIO - NOMBRE PERSONAL [R]
Nombre personal [NR] Barsamian, David
Término de relación [R] prólogo
9 (RLIN) 81506
942 ## - ELEMENTOS DE ENTRADA AGREGADOS (KOHA)
Sistema de clasificación DEWEY
Tipo de ítem principal el descrito en 300a Libro
Tema principal Sociología
Edición 1
Clasificación 303.625
Parte restante de la signatura top. A286te
Existencias
Total préstamos Signatura topográfica Código de barras Última vez visto Ejemplar Costo de reposición Price effective from Tipo de ítem Perdido Sistema de clasificación Dañado No prestable Tipo de ítem específico Suprimido Ubicación habitual Ubicación actual Localización Fecha de creación Proveedor Forma de adquisición Costo
  303.625 A286te 100151439 09/12/2025 Ej.1 27049.00 28/10/2016 Libro   DEWEY     Libro   Claustro Claustro 2do piso 28/10/2016 19 Compra 27049.00